Ведомость общего свода по выкупной операции, по срокам

Доступно только в Электронных читальных залах Найти на картеНа карте
RUSMARC
00003439nmc2a2200000 x 450
001fdd341e0-227f-4e0c-b63d-bc0cda648d03
00520151218175228.0
100##$a20150429l18611895k l0rusy0189 ca
1010#$arus
102##$aRU
2001#$aВедомость общего свода по выкупной операции, по срокам
$j[1861-1895] гг.
251##$cДело
300##$aДело
801#0$aRU
$bРГИА
$c20150429
$gRCR
801#1$aRU
$bГлавНИВЦ
$c20150429
$2rusmarc
801#2$aRU
$bПБ им. Б.Н. Ельцина
$c20151218
$gRCR
$2rusmarc
850##$aРГИА
852##$aРГИА
$eФедеральное казенное учреждение "Российский государственный исторический архив" (РГИА)
$j467
937##$hРГИА
$d11187964
$aASBIBLIO_SCAN
462#0$1001c03dd24f-5549-4fc3-9407-ad4da698b4e7
$12001
$aДела Главного выкупного учреждения Министерства финансов
$1251
$cОпись
$1852
$j52
461#0$10018ef30ad5-ff5c-4840-a721-74c62a200f95
$12001
$aГлавное выкупное учреждение Министерства финансов (1861-1895)
$1251
$cФонд
$1852
$j577
215##$a35 л.
$d46х34,5
371##$aДокумент не является опубликованным и широко распространяемым
105##$ay###
1222#$ad
035##$afdd341e0-227f-4e0c-b63d-bc0cda648d03
Формат отображения